World Cup Group Stage Goalscorers 1994 - Statistics

General Stats
  • This quiz has been taken 7 times
  • The average score is 36 of 93
Answer Stats
Group Nation Score Player % Correct
A Romania 2-0 Gheorghe Hagi
100%
A Romania 1-1 Gheorghe Hagi
100%
D Bulgaria 1-0 Hristo Stoichkov
100%
D Bulgaria 2-0 Hristo Stoichkov
100%
D Bulgaria 1-0 Hristo Stoichkov
100%
B Brazil 1-0 Romario
100%
B Brazil 1-0 Romario
100%
B Brazil 1-1 Romario
100%
F Netherlands 1-0 Dennis Bergkamp
86%
E Italy 1-0 Dino Baggio
86%
D Argentina 1-0 Gabriel Batistuta
86%
D Argentina 2-0 Gabriel Batistuta
86%
D Argentina 4-0 Gabriel Batistuta
86%
C Spain 1-0 Jurgen Klinsmann
86%
C Germany 1-0 Jurgen Klinsmann
86%
C Germany 3-0 Jurgen Klinsmann
86%
D Argentina 3-0 Diego Maradona
71%
E Mexico 1-0 Luis Garcia
71%
E Mexico 2-0 Luis Garcia
71%
B Cameroon 3-1 Roger Milla
71%
A Colombia (OG) 1-0 Andres Escobar
57%
B Brazil 3-0 Bebeto
57%
B Russia 1-0 Oleg Salenko
57%
B Russia 1-0 Oleg Salenko
57%
B Russia 2-0 Oleg Salenko
57%
B Russia 3-0 Oleg Salenko
57%
B Russia 4-1 Oleg Salenko
57%
B Russia 5-1 Oleg Salenko
57%
B Sweden 1-1 Tomas Brolin
57%
A Switzerland 1-0 Alain Sutter
43%
B Sweden 2-2 Dan Dahlin
43%
B Sweden 2-1 Dan Dahlin
43%
B Sweden 3-1 Dan Dahlin
43%
A Romania 1-0 Daniel Petrescu
43%
A USA 1-1 Eric Wynalda
43%
C Bolivia 2-1 Erwin Sanchez
43%
A Switzerland 2-1 Stephane Chapuisat
43%
B Sweden 1-0 Bernt Andersson
29%
D Argentina 1-1 Claudio Caniggia
29%
D Argentina 2-1 Claudio Caniggia
29%
D Nigeria 2-0 Daniel Amokachi
29%
D Nigeria 2-0 Daniel Amokachi
29%
F Saudi Arabia 1-0 Saeed Al-Owairan
29%
B Russia 6-1 Dmitri Radchenko
29%
D Nigeria 3-0 Emmanuel Amunike
29%
A Romania 1-0 Florin Raducioiu
29%
A Romania 3-1 Florin Raducioiu
29%
C South Korea 2-1 Hong Myung-bo
29%
C South Korea 3-2 Hong Myung-bo
29%
C South Korea 3-1 Hwang Sun-hong
29%
C Spain 2-0 Jose Caminero
29%
C Spain 3-1 Jose Caminero
29%
C Germany 2-0 Karl-Heinz Riedle
29%
D Bulgaria 2-0 Nasko Sirakov
29%
C Spain 1-0 Pep Guardiola
29%
B Brazil 2-0 Rai
29%
D Nigeria 1-0 Rashidi Yekini
29%
D Bulgaria 3-0 Yordan Letchkov
29%
A Switzerland 3-1 Adrian Knup
14%
A Switzerland 4-1 Adrian Knup
14%
F Netherlands 2-1 Bryan Roy
14%
D Bulgaria 4-0 Daniel Borimirov
14%
E Italy 1-0 Daniele Massaro
14%
A USA 2-0 Earnest Stewart
14%
D Nigeria 1-0 Finidi George
14%
B Cameroon 2-1 Francois Omam-Biyik
14%
F Netherlands 2-1 Gaston Taument
14%
A Switzerland 1-0 Georges Bregy
14%
F Morocco 1-1 Hassan Nader
14%
B Cameroon 1-1 Jacques-David Embe
14%
E Ireland 2-1 John Aldridge
14%
A Colombia 2-0 John Lozano
14%
C Spain 2-0 Jon Goikoetxea
14%
C Germany 1-1 Jon Goikoetxea
14%
C Spain 1-0 Julio Salinas
14%
E Norway 1-0 Kjetil Rekdal
14%
E Mexico 1-1 Marcelino Bernal
14%
B Brazil 2-0 Marcio Santos
14%
F Morocco 1-1 Mohamed Chaouch
14%
F Belgium 1-0 Philippe Albert
14%
E Ireland 1-0 Ray Houghton
14%
B Sweden 1-0 Roger Ljung
14%
F Saudi Arabia 1-0 Sami Al-Jaber
14%
C South Korea 2-2 Seo Jung-won
14%
A Colombia 2-1 Adolfo Valencia
0%
A Colombia 2-1 Adolfo Valencia
0%
F Saudi Arabia 1-0 Fuad Anwar
0%
F Saudi Arabia 2-1 Fuad Anwar
0%
A Colombia 1-0 Herman Gaviria
0%
C Germany 1-0 Jurgen Kilnsmann
0%
F Belgium 1-0 Marc Degryse
0%
D Nigeria 1-0 Samson Siasia
0%
F Netherlands 1-1 Wim Jonk
0%
No matching quizzes found
Score Distribution
Percent of People with Each Score
Percentile by Number Answered
Your Score History
You have not taken this quiz